Analysis and design of analog integrated circuits by Paul R Gray and others (Record no. 1211850)
[ view plain ]
| 000 -LEADER | |
|---|---|
| fixed length control field | 01278nam a2200349Ia 4500 |
| 003 - CONTROL NUMBER IDENTIFIER | |
| control field | OSt |
| 005 - DATE AND TIME OF LATEST TRANSACTION | |
| control field | 20221007123425.0 |
| 008 - FIXED-LENGTH DATA ELEMENTS--GENERAL INFORMATION | |
| fixed length control field | 221006b |||||||| |||| 00| 0 eng d |
| 020 ## - INTERNATIONAL STANDARD BOOK NUMBER | |
| International Standard Book Number | 9971513544 (pbk) |
| -- | 7.50 |
| 037 ## - SOURCE OF ACQUISITION | |
| Terms of availability | Textual |
| 040 ## - CATALOGING SOURCE | |
| Original cataloging agency | PAPL |
| Transcribing agency | PAPL |
| Language of cataloging | eng |
| 041 ## - LANGUAGE CODE | |
| Source of code | eng |
| Language code of text/sound track or separate title | eng |
| 100 ## - MAIN ENTRY--PERSONAL NAME | |
| Personal name | Gray Paul R |
| 245 #0 - TITLE STATEMENT | |
| Title | Analysis and design of analog integrated circuits by Paul R Gray and others |
| Remainder of title | Hurst Paul J Lewis Stephen H Meyer Robert |
| 250 ## - EDITION STATEMENT | |
| Edition statement | Ed 4 |
| 260 ## - PUBLICATION, DISTRIBUTION, ETC. | |
| Place of publication, distribution, etc. | New |
| Name of publisher, distributor, etc. | York John Wiley Sons, Inc. |
| Date of publication, distribution, etc. | 2001 |
| 300 ## - PHYSICAL DESCRIPTION | |
| Extent | xviii, 875p |
| Dimensions | cm. |
| 500 ## - GENERAL NOTE | |
| General note | (Reprinted in 2003); ; Index 865-875p; ^n23/CSL/CARPA/2003-2004/969^d2003-11-10^mPurchase; ; 2003-04/508^b2003-11-24^c505^d2003-11-17^eRs.7,403.00^fMonika Book Distributors; ; 2004-01-08^bSB^c2004-01-08^dVinay |
| 650 ## - SUBJECT ADDED ENTRY--TOPICAL TERM | |
| Topical term or geographic name entry element | Circuits |
| 9 (RLIN) | 473600 |
| 650 ## - SUBJECT ADDED ENTRY--TOPICAL TERM | |
| Topical term or geographic name entry element | Design |
| 650 ## - SUBJECT ADDED ENTRY--TOPICAL TERM | |
| Topical term or geographic name entry element | Integrated |
| 9 (RLIN) | 717212 |
| 650 ## - SUBJECT ADDED ENTRY--TOPICAL TERM | |
| Topical term or geographic name entry element | Electronics |
| 700 ## - ADDED ENTRY--PERSONAL NAME | |
| Personal name | Hurst Paul J |
| 700 ## - ADDED ENTRY--PERSONAL NAME | |
| Personal name | Lewis Stephen H |
| 9 (RLIN) | 717213 |
| 700 ## - ADDED ENTRY--PERSONAL NAME | |
| Personal name | Meyer Robert |
| 9 (RLIN) | 717214 |
| 942 ## - ADDED ENTRY ELEMENTS (KOHA) | |
| Classification part | D65,22:4, P1 |
| Koha item type | Textual |
| Source of classification or shelving scheme | Colon Classification (CC) |
| Withdrawn status | Lost status | Source of classification or shelving scheme | Damaged status | Not for loan | Home library | Current library | Date acquired | Source of acquisition | Total Checkouts | Full call number | Barcode | Date last seen | Price effective from | Koha item type |
|---|---|---|---|---|---|---|---|---|---|---|---|---|---|---|
| Colon Classification (CC) | Department of Physics and Astrophysics Library | Department of Physics and Astrophysics Library | 2022-10-07 | Monika, | D65,22:4 P1 | PA0005444 | 2022-10-07 | 2022-10-07 | Textual |
